Production and processing of small seeds for birds

में बचाया:
ग्रंथसूची विवरण
मुख्य लेखक: Lin, Edo
स्वरूप: पुस्तक
भाषा:Undetermined
प्रकाशित: Rome FAO 2005
विषय:
Ave
टैग : टैग जोड़ें
कोई टैग नहीं, इस रिकॉर्ड को टैग करने वाले पहले व्यक्ति बनें!
Thư viện lưu trữ: Trung tâm Học liệu Trường Đại học Cần Thơ
LEADER 00485nam a2200193Ia 4500
001 CTU_104933
008 210402s9999 xx 000 0 und d
082 |a 636.50855 
082 |b L735 
100 |a Lin, Edo 
245 0 |a Production and processing of small seeds for birds 
245 0 |c Edo Lin 
260 |a Rome 
260 |b FAO 
260 |c 2005 
650 |a Ave 
650 |x Feeding and feeds 
904 |i Minh 
980 |a Trung tâm Học liệu Trường Đại học Cần Thơ